000 01102nam a2200265 a 4500
001 79355
003 BD-RjUL
005 20220622101804.0
008 220210s2018 bg ||||| |||| 00| 0 ben d
020 _a9847000003539
_c:Tk.350.00
035 _a(BD-RjUL)79355
040 _aBD-RjUL
_beng
_cBD-RjUL
041 _aben
082 _223
_a181.043
_bBAN 2018
245 _aবাংলাদেশে বৌদ্ধদর্শন /
_cসম্পাদক দিলীপ কুমার বড়ুয়া, মো. আনিসুজ্জামান
260 _aঢাকা :
_bজাতীয় সাহিত্য প্রকাশ,
_c২০১৮
300 _a২৪৬ পৃ.;
_c২২ সেমি.
650 _aবৌদ্ধ দর্শন
_91252
650 _aBuddhist philosophy
_91253
650 _aবৌদ্ধ ধর্ম
_zবাংলাদেশ
_91254
650 _aBuddhism
_zBangladesh
_91255
700 _aবড়ুয়া, দিলীপ কুমার
_91256
700 _aআনিসুজ্জামান, মো.
_91257
942 _2ddc
_cBK
999 _c79355
_d79355